000 01173nam a22003017a 4500
001 0040446
003 KOHA_MİRAKIL
005 20260207003201.0
007 ta
008 130717b2012 tu |||gre|||#0|||0|tur |
020 _a9786056059438
040 _aTR-BiSEU
_btur
_cTR-BiSEU
_erda
041 0 _atur
044 _ctu
050 _aCT103
_b.U85 2012
245 0 _aÜsküdarlı meşhurlar ansiklopedisi/
_cEditör Alim Kahraman ; proje koordinatörü Ali Yücel Yürük ; genel yönetmen Hasan Ekmen.
264 1 _aİstanbul :
_bÜsküdar Belediye Başkanlığı Kültür ve Sosyal İşler Müdürlüğü
_c2012
300 _a406 sayfa: fotoğraf, resimli, belge ;
_c34 cm.
336 _ametin
_btxt
_2rdacontent
337 _aaracısız
_bn
_2rdamedia
338 _acilt
_bnc
_2rdacarrier
490 1 _aÜsküdar Belediye Başkanlığı Kültür ve Sosyal İşler Müdürlüğü kültür yayınları;23
500 _aBibliyografya var.
650 0 _aMeşhurlar--Üsküdar (İstanbul).
_974922
830 1 _aÜsküdar Belediye Başkanlığı Kültür ve Sosyal İşler Müdürlüğü kültür yayınları;23
_974923
907 _aAnsiklopedi
942 _2lcc
_cBK
999 _c40323
_d40323